It looks like you're offline.
Open Library logo
additional options menu

MARC Record from Scriblio

Record ID marc_records_scriblio_net/part18.dat:76229991:932
Source Scriblio
Download Link /show-records/marc_records_scriblio_net/part18.dat:76229991:932?format=raw

LEADER: 00932nam 2200253 a 4500
001 85188096
003 DLC
005 19860221000000.0
008 850805s1981 it a b 00011 eng
010 $a 85188096
020 $a8821630080
041 1 $aengita
050 0 $aPQ7797.B635$bC613 1981
082 0 $a863$219
100 10 $aBorges, Jorge Luis,$d1899-
240 10 $aCongresso del mondo.$lEnglish
245 14 $aThe Congress of the world /$cby Jorge Luis Borges ; with miniatures of tantric cosmology introduced by Alain Daniélou ; [essay by Alain Daniélou translated by John Shepley, Borges' story The Congress of the world translated by Alberto Manguel].
260 0 $aMilano :$bF.M. Ricci,$cc1981.
300 $a144 p. :$bcol. ill. ;$c36 cm.
490 0 $aThe Signs of man ;$v8
500 $aTranslation of: Il congresso del mondo.
504 $aBibliography: p. 139-144.
650 0 $aTantrism.
700 10 $aDaniélou, Alain.